000 00441nam a2200205Ia 4500
001 110583
003 YMCAF
005 20230512162421.0
008 100717s2004 ||||||||||||||||| ||und|d
024 _a110583
035 _aWB1570
040 _aYMCAF
_beng
_cIN-KoLT
041 _aeng
082 _a621.46
_bSUB
100 _aSubramanyam, Vedam
245 0 _aElectric drives
260 _bTMH
_c2004
300 _a715
942 _2ddc
_cBK
999 _c11886
_d11886